Dos actos processuais o tempo, o modo, a forma /

Detalles Bibliográficos
Autor principal: Leitó, Helder Martins
Formato: Desconocido
Lenguaje:portugués
Publicado: Porto : Almeida & Leitó, 2008
Edición:5a ed.
Materias:
Acceso en línea:Acceso restringido

MARC

LEADER 00000ny a22000003n 4500
005 20110617144854.0
008 041015s2004 po k 000 0 por
020 |a 9789727491742 
035 |a 3248 
040 |a BUS  |d vLex 
090 |c 843  |d 843 
100 1 |a Leitó, Helder Martins 
245 0 |a Dos actos processuais  |h [Recurso electrn̤ico]  |b o tempo, o modo, a forma /  |c Helder Martins Leitó 
250 |a 5a ed. 
256 |a Servicio en ln̕ea 
260 |a Porto :  |b Almeida & Leitó,  |c 2008 
300 |a p. ;  |c cm 
506 1 |a Contenido solo disponible en los productos indicados  |d vLex Global  |d vLex Global (Academic Edition, excluding Law Schools)  |d vLex Global (U.S. Academic Edition, Law Schools)  |d vLex Global (U.S. Academic Edition, excluding Law Schools)  |d vLex Global (Academic Edition, Law Schools) 
650 0 4 |a Procedimiento civil  |z Portugal 
740 0 |a vLex Libros (Servicios en ln̕ea) 
856 4 0 |u http://vlex.com/source/3248  |z Acceso restringido 
942 |c BOOK 
999 0 |a Civil Law   |b Portugal